Lunacharski y la organización soviética de la educación y de las artes (1917-1921)
Salvato in:
| Autore principale: | |
|---|---|
| Altri autori: | |
| Natura: | Libro |
| Lingua: | inglese spagnolo |
| Pubblicazione: |
Madrid, España
Siglo XXI de España Editores S. A.
2017
|
| Serie: | Historia
|
| Soggetti: | |
| Tags: |
Aggiungi Tag
Nessun Tag, puoi essere il primo ad aggiungerne!!
|
MARC
| LEADER | 00000nam a22000007a 4500 | ||
|---|---|---|---|
| 003 | CL-VaPUC | ||
| 005 | 20210705110829.0 | ||
| 008 | 210603b ||||| |||| 00| 0 eng d | ||
| 999 | |c 433031 |d 433029 | ||
| 020 | |a 9788432318641 | ||
| 040 | |c Pontificia Universidad Católica de Valparaíso | ||
| 041 | 0 | |a spa | |
| 082 | 0 | 4 | |2 21 |a 379.47 FIT 2017 |
| 100 | 1 | |a Fitzpatrick, Sheila |e autora |9 861218 | |
| 245 | 1 | 0 | |a Lunacharski y la organización soviética de la educación y de las artes (1917-1921) |
| 260 | 3 | |a Madrid, España |b Siglo XXI de España Editores S. A. |c 2017 | |
| 300 | |a 400 páginas | ||
| 490 | |a Historia | ||
| 500 | |a Donación VRA N. Vásquez L. | ||
| 583 | |c 20210603 |k Daniel Castañeda | ||
| 650 | 0 | 0 | |9 343091 |a Historia de la educación |y Siglo 20 |z Unión Soviética |
| 650 | 0 | 0 | |a Organización social |9 357570 |x Historia de Rusia |y 1917-1921 |
| 700 | 1 | |a Desmonts, Antonio J |e traductor |9 861219 | |
| 942 | |2 ddc |c BK | ||
| 952 | |0 0 |1 0 |2 ddc |4 0 |6 379_470000000000000_FIT_2017 |7 0 |8 A |9 577989 |a BIBHIS |b BIBHIS |d 2021-06-03 |i 562147K |o 379.47 FIT 2017 |p 562147K |r 2025-01-20 |t 1 |w 2021-06-03 |y BK |k HIS | ||